An outline of the American Economy /
Kaydedildi:
| Yazar: | |
|---|---|
| Materyal Türü: | Sách giấy |
| Dil: | Vietnamese |
| Baskı/Yayın Bilgisi: |
USA :
United states Information Agency,
1998
|
| Konular: | |
| Etiketler: |
Etiketle
Etiket eklenmemiş, İlk siz ekleyin!
|
| Thư viện lưu trữ: | Thư viện Trường Đại học Đà Lạt |
|---|
| LEADER | 00694nam a2200289 4500 | ||
|---|---|---|---|
| 001 | DLU040029287 | ||
| 005 | ##20040927 | ||
| 040 | # | # | |a DLU |b vie |
| 041 | # | # | |a vie |
| 044 | # | # | |a vn |
| 082 | # | # | |a 330.973 |b MC-R |
| 100 | # | # | |a McCan, Robert L. |
| 245 | # | # | |a An outline of the American Economy / |c Robert L. McCan. |
| 260 | # | # | |a USA : |b United states Information Agency, |c 1998 |
| 300 | # | # | |a 212 tr. ; |c 21 cm |
| 653 | # | # | |a Economic development |
| 653 | # | # | |a United States |
| 923 | # | # | |a 14/2004 |
| 992 | # | # | |a 6.400 |
| 994 | # | # | |a DLU |
| 900 | # | # | |a True |
| 911 | # | # | |a Đào Thị Thu Huyền |
| 925 | # | # | |a G |
| 926 | # | # | |a A |
| 927 | # | # | |a SH |
| 980 | # | # | |a Thư viện Trường Đại học Đà Lạt |